000
00290nam a2200097Ia 4500
001
642508
005
20250826153528.0
008
250824s9999 xx 000 0 und d
245
0
_a
SEÇME HİKAYELER ÖMER SEYFETTİN ANTİK OKUL KLASİ
_c
ÖMER SEYFETTİN
260
_b
ANTİK DÜNYA KLASİKLERİ
999
_c
642508
_d
642508